000 00646nam a2200181 a 4500
001 000037040
005 20200930080112.0
008 120209s1963 ag 000 0 spa d
040 _aDO-SdBNP
_bspa
_cBNPHU
082 _axxxx
_bF699s
100 1 _aFord, W. Herschel
_963449
240 1 0 _aSimple sermons on the ten commandments
_lEspañol
245 1 0 _aSencillos sermones sobre los diez mandamientos /
_cW. Herschel Ford, versión al castellano por Ana María Swenson.
260 _aTexas :
_bCasa Bautista de Publicaciones,
_c1963.
300 _a160 p. ;
_c18 cm.
500 _aTraduccido del inglés
700 1 _aSwenson, Ana María,
_etr.
_943676
999 _c36530
_d36530